01319nam a22002417a 45000010005000000030006000050050017000110080041000280400029000690500013000980820017001111000020001282450127001482500036002752600056003113000059003675050007004265200505004335210028009385210018009666500060009847000033010447393FISKH20250711144528.0250711b cb ||||| |||| 00| 0 eng d aFISKHbengcFISKHdFISKH aPZ5.S475 a899.22108002 aFrith, Michael  aThe Sesame street library volume 12 :bFeaturing the letters W, X, Y, and Z and the number 12 cWith Jim Henson's Muppets  aThis edition published in 1978  aNew York : bChildren's Television Workshop, c1971 a42 unnumbered pages : bcolor illustrations ; c28 cm  aE  aThe Sesame Street Library Volume 12 is the final volume in a 12-book educational series featuring the beloved Sesame Street characters. This volume focuses on the letters W, X, Y, and Z, as well as the number 12. Through short stories, poems, jokes, and fun facts, children are introduced to vocabulary, phonics, and simple reading concepts. Big Bird, Bert, Ernie, Grover, Cookie Monster, and other familiar Muppets guide readers through silly adventures, playful dialogues, and alphabet-themed fun.8 a200 bLexile estimate 8 aE bRaz-Plus  aAlphabetvChildren's Picture BookxNumbers and Counting aCrawford, Mel eillustrator